Представление документа в формате RUSMARC

ПолеНазваниеЗначение
  Тип записи a
  Библиографический уровень m
001 Контрольный номер UONB/MAIN/14a520dbe5b34412a85040927ae07937
005 Дата корректировки 20260505133918.7
010 Индекс ISBN __
9 Тираж 500 экз.
a ISBN 5-648-00084-7
100 Данные общей обработки __
a Данные общей обработки 20260505d1988 u u0rusy0189 ca
101 Язык документа 0_
a Язык текста rus
102 Страна публикации __
a Страна публикации UZ
105 Кодированные данные (монография) __
a Кодированные данные (монография) a z 001yy
200 Заглавие и сведения об ответственности 1_
a Заглавие Морфоструктура срединного Тянь-Шаня и ее связь с сейсмичностью
f Первые сведения об ответственности А. Р. Ярмухамедов
g Последующие сведения об ответственности Академия наук УзССР, Институт сейсмологии
203 Вид содержания и тип средства __
a Вид содержания Текст
b Характеристика содержания визуальный
c Тип средства непосредственный
210 Выходные данные 1_
a Место издания Ташкент
c Издательство ФАН
d Дата издания 1988
215 Физическое описание __
a Объем 163 с.
d Формат 21 см
c Иллюстрации/тип воспроизводства ил.
320 Библиография __
a Библиография Библиогр.: с. 149-162
606 Тематические рубрики 0_
a Основная рубрика Геоморфология структурная
y Географическая подрубрика Тянь-Шань
606 Тематические рубрики 0_
a Основная рубрика Сейсмические районы
y Географическая подрубрика Тянь-Шань
610 Ключевые слова 0_
a Ключевые слова геоморфология структурная Тянь-Шань; сейсмические районы Тянь-Шань; морфоструктура срединного Тянь-Шаня
675 Индекс УДК __
a Индекс УДК 551.419
675 Индекс УДК __
a Индекс УДК 551.426.9
686 Индексы других классификаций __
a Классификационный индекс 26.823
2 Код системы rubbk
686 Индексы других классификаций __
a Классификационный индекс 26.217
2 Код системы rubbk
700 Автор _1
a Фамилия Ярмухамедов
b Имя (инициалы) А. Р.
g Полное личное имя Агбар Рахматович
712 Наименование организации (Вторичная ответственность) 02
a Организация/ юрисдикция Академия наук Узбекской ССР
4 Код отношения 570
801 Источник записи _0
a Страна RU
b Организация Ульяновская ОНБ
c Дата составления 20260505
g Правила каталогизации RCR
801 Источник записи _1
a Страна RU
b Организация Ульяновская ОНБ
c Дата составления 20260505
g Правила каталогизации RCR
901 Тип документа __
t Тип документа m
909 Создатель записи __
a Создатель записи Седова
b Дата создания записи 20260505